=LDR 00000nam 2200000 4500 =001 INLIS000000000011277 =005 20201208015418 =035 ##$$a 0010-061300000011277 =008 201208################g##########0#ind## =041 ##$$a Ind =090 ##$$a 327.2, Roy d.4 =100 ##$$a Roy, S.L =245 1#$$a Diplomasi /$c S.L.Roy ; Penerjemah Harwanto, Mirsawati =260 ##$$a Jakarta :$b Rajawali pers,$c 1991 =300 ##$$a x, 246 hlm. ; $c 21x14 cm =850 ##$$a NBPNMAT =020 ##$$a 979-421-284-9 =082 ##$$a 327.2 =084 ##$$a 327.2 ROY d =650 #4$$a Diplomasi =700 #$$a Harwanto =504 ##$$a Bibliografi : hlm. 245 - 246 =250 ##$$a cet.1 =990 ##$$a 00033386 =990 ##$$a 00033387 =990 ##$$a 120.971 pro.97 =990 ##$$a 00033387 =990 ##$$a 00033386 =990 ##$$a 120.971 pro.97